Britannica book of the year / (Registro nro. 32359)
[ vista simple ]
| 000 -LEADER | |
|---|---|
| fixed length control field | 01421cam a2200325 i 4500 |
| 001 - CONTROL NUMBER | |
| control field | 32359 |
| 003 - CONTROL NUMBER IDENTIFIER | |
| control field | Mx-PuUPA |
| 005 - DATE AND TIME OF LATEST TRANSACTION | |
| control field | 20200930103812.0 |
| 008 - FIXED-LENGTH DATA ELEMENTS--GENERAL INFORMATION | |
| fixed length control field | 140415s1983 iluab r 000 0 eng d |
| 020 ## - INTERNATIONAL STANDARD BOOK NUMBER | |
| International Standard Book Number | 0852294077 |
| 040 ## - CATALOGING SOURCE | |
| Original cataloging agency | MX-PuUPA |
| Language of cataloging | spa |
| Description conventions | rda |
| Transcribing agency | Mx-PuUPA |
| Modifying agency | Mx-PuUPA |
| 041 0# - LANGUAGE CODE | |
| Language code of text/sound track or separate title | eng |
| 130 1# - MAIN ENTRY--UNIFORM TITLE | |
| Uniform title | Obra. |
| Name of part/section of a work | Encyclopaedia Britannica |
| 245 10 - TITLE STATEMENT | |
| Title | Britannica book of the year / |
| Statement of responsibility, etc. | editor in chief yearbooks James Ertel ; editors Daphne Daume, J. E. Davis. |
| 246 31 - VARYING FORM OF TITLE | |
| Title proper/short title | 1983 britannica book of the year |
| 246 38 - VARYING FORM OF TITLE | |
| Title proper/short title | Encyclopaedia Britannica, 1983 book of the year : |
| Remainder of title | events of 1982 |
| 264 #1 - PRODUCTION, PUBLICATION, DISTRIBUTION, MANUFACTURE, AND COPYRIGHT NOTICE | |
| Place of production, publication, distribution, manufacture | Chicago : |
| Name of producer, publisher, distributor, manufacturer | Encyclopaedia Britannica, University of Chicago, |
| Date of production, publication, distribution, manufacture, or copyright notice | 1983 |
| 300 ## - PHYSICAL DESCRIPTION | |
| Extent | 766 páginas : |
| Other physical details | ilustraciones, mapas, fotografías ; |
| Dimensions | 29 cm. |
| 336 ## - CONTENT TYPE | |
| Content type term | texto |
| Fuente | rdacontent |
| Content type code | txt |
| 337 ## - MEDIA TYPE | |
| Media type term | sin medio |
| Source | rdamedia |
| Media type code | n |
| 338 ## - CARRIER TYPE | |
| Carrier type term | volumen |
| Source | rdacarrier |
| Carrier type code | nc |
| 650 #4 - SUBJECT ADDED ENTRY--TOPICAL TERM | |
| Topical term or geographic name entry element | Historia |
| 650 #4 - SUBJECT ADDED ENTRY--TOPICAL TERM | |
| Topical term or geographic name entry element | Enciclopedias y diccionarios |
| General subdivision | Inglés |
| 700 1# - ADDED ENTRY--PERSONAL NAME | |
| Personal name | Ertel, James, |
| Relator term | editor |
| 700 1# - ADDED ENTRY--PERSONAL NAME | |
| Personal name | Daume, Daphne, |
| Relator term | editor |
| 710 1# - ADDED ENTRY--CORPORATE NAME | |
| Corporate name or jurisdiction name as entry element | Davis, J. E., |
| Relator term | editor |
| 770 1# - SUPPLEMENT/SPECIAL ISSUE ENTRY | |
| Relationship information | Suplemento de(obra): |
| Title | The new encyclopaedia britannica |
| Edition | Fifteenth edition |
| Place, publisher, and date of publication | Chicago : University of Chicago,1993 |
| Physical description | 29 volúmenes : ilustraciones, mapas, láminas (algunas a color) ; 29 cm. +1 volumen Guide to the Britannica + 2 volúmenes Index |
| Record control number | (Mx-PuUPA) 000007051 |
| 942 ## - ADDED ENTRY ELEMENTS (KOHA) | |
| Source of classification or shelving scheme | Dewey Decimal Classification |
| Koha item type | Libro |
| Classification part | 031 |
| Item part | B8495 |
| Withdrawn status | Lost status | Source of classification or shelving scheme | Damaged status | Not for loan | Collection code | Home library | Current library | Shelving location | Date acquired | Source of acquisition | Total Checkouts | Full call number | Barcode | Date last seen | Price effective from | Koha item type |
|---|---|---|---|---|---|---|---|---|---|---|---|---|---|---|---|---|
| Dewey Decimal Classification | Referencia | Biblioteca Karol Wojtyla | Biblioteca Karol Wojtyla | Área de silencio | 09/05/2018 | Compra | 031 BRI 1983 | 29437 | 05/01/2026 | 09/05/2018 | Libro R |